European Journal of Marketing

Saved in:
Bibliographic Details
Format: Serial
Language:English
Published: Bradford MCB University Press 1977
Subjects:
Tags: Add Tag
No Tags, Be the first to tag this record!

MARC

LEADER 00000nas2a2200000 4500
001 0010861
005 20240109080021.6
022 |a 0309-0566 
041 0 |a eng 
044 |a GB 
245 1 0 |a European Journal of Marketing 
264 1 |a Bradford  |b MCB University Press  |c 1977 
300 |a 1 zv. 
773 0 |w eu_un_cat*s120679 
610 2 0 |a marketing